Catalog

Record Details

Catalog Search



Encyklopedie antiky  Cover Image Book Book

Encyklopedie antiky / Zpracoval autorský kolektiv za vedení Ludvíka Svobody ; a za vědecké recenze Ladislava Varcla a Ladislava Vidmana

Summary:

Pozoruhodné dílo kolektivu našich historiků shrnuje v ucelené formě souhrn všech současných znalostí o antickém světě.

Record details

  • Physical Description: 741 s., [8] listů barev. reprodukcí, [10] volných mapek a chronol. přehledů : čb. reprodukce
  • Edition: Vyd. 1.
  • Publisher: Praha : Academia, 1973

Content descriptions

General Note:
Sentence a termíny
Přehled římských císařů
Rejstř. zeměpisných lokalit
Subject: Antika
antická kultura
antický starověk
Genre: encyklopedie

Available copies

  • 2 of 2 copies available at Common Catalog SPOK.

Holds

  • 0 current holds with 2 total copies.
Show Only Available Copies
Location Call Number / Copy Notes Barcode Shelving Location Status Due Date
ETS Library 930.03 424470001940 Volný výběr Available -
Jabok Library VO-6.5/E 424480002584 Odborná literatura Reference -

LDR 04144nam a22010457a 4500
0012782
003CZ-PrJAB
00520200416132843.0
007ta
008071119s1973 xr e |000 0 cze d
015 . ‡acnb000127564
035 . ‡a(CZ PrSKC)000883488
040 . ‡aABD001 ‡bcze ‡dABD156
080 . ‡a030
080 . ‡a7.032(031)
080 . ‡a7.032
1102 . ‡aKabinet pro studia řecká, římská a latinská (Československá akademie věd) ‡7ko20010091972
24510. ‡aEncyklopedie antiky / ‡cZpracoval autorský kolektiv za vedení Ludvíka Svobody ; a za vědecké recenze Ladislava Varcla a Ladislava Vidmana
250 . ‡aVyd. 1.
260 . ‡aPraha : ‡bAcademia, ‡c1973
300 . ‡a741 s., [8] listů barev. reprodukcí, [10] volných mapek a chronol. přehledů : ‡bčb. reprodukce
500 . ‡aSentence a termíny
500 . ‡aPřehled římských císařů
500 . ‡aRejstř. zeměpisných lokalit
520 . ‡aPozoruhodné dílo kolektivu našich historiků shrnuje v ucelené formě souhrn všech současných znalostí o antickém světě.
65004. ‡aAntika
65004. ‡aantická kultura
65004. ‡aantický starověk
655 7. ‡aencyklopedie ‡7fd132201 ‡2czenas
7001 . ‡aSvoboda, Ludvík, ‡d1903-1977 ‡7jn20000710625 ‡4pbd
7001 . ‡aVarcl, Ladislav, ‡d1909-1980 ‡7jk01141620 ‡4rev
7001 . ‡aVidman, Ladislav, ‡d1924-1989 ‡7jk01142303 ‡4rev
910 . ‡aABG312
995 . ‡aABG450
901 . ‡a2782 ‡bCZ-PrJAB ‡c2782 ‡tbiblio

Additional Resources